| 000 | 01444nam a22002417a 4500 | ||
|---|---|---|---|
| 999 |
_c60003 _d60003 |
||
| 003 | Ge_BSU | ||
| 005 | 20230530104301.0 | ||
| 008 | 230530s2004 ge ||||| |||| 00| 0 geo d | ||
| 020 | _a9992899670 | ||
| 041 | _ageo | ||
| 080 | _a341.231.14 + 2 ლ-85 | ||
| 100 |
_aლორია, ვალერი _912576 |
||
| 245 |
_aადამიანის უფლებები და რელიგია / _cვალერი ლორია, ბაადურ გელაშვილი, მანანა ბენდელიანი; რედ. გ. იბნწკირველი; სახელმწიფოს, სამართლისა და რელიგიის ინ-ტი. |
||
| 264 |
_aთბილისი : _bთობალისი, _c2003. |
||
| 300 |
_a178 გვ. ; _b20 სმ. |
||
| 653 | _aსარწმუნეობის და სინდისის თავისუფლება | ||
| 653 | _aრელიგიური სამართალი | ||
| 700 |
_aგელაშვილი, ბაადურ _eავტორი _918292 |
||
| 700 |
_aბენდელიანი, მანანა _eავტორი _918293 |
||
| 700 |
_aინწკირველი, გ. _eრედაქტორი _91293 |
||
| 711 |
_aსახელმწიფოს, სამართლისა და რელიგიის ინ-ტი. _918294 |
||
| 942 |
_2udc _cBK |
||